Türk diasporasının siyasal katılım gündemi : (Record no. 15377)

MARC details
000 -BAŞLIK
Sabit Uzunlukta Kontrol Alanı 00735nam a22002177a 4500
999 ## - SİSTEM KONTROL NUMARALARI (KOHA)
Koha Biblionumber 15377
Koha Biblioitemnumber 15377
003 - KONTROL NUMARASI IDENTIFIER
Denetim Alanı MIRAKIL
005 - SON İŞLEM TARİHİ VE ZAMANI
Denetim Alanı 20240214121105.0
008 - SABİT-BOY VERİ ELEMANLARI - GENEL BİLGİLER
Sabit Uzunlukta Kontrol Alanı 240214b tu ||||| |||| 00| 0 tur d
020 ## - ULUSLARARASI STANDART KİTAP NUMARASI
Uluslararası Standart Kitap Numarası 9786057198563
040 ## - KATALOGLAMA KAYNAK
Orijinal Kataloglama Ajansı TR-AnCHP
Metne Dönüştürmek Ajansı TR-AnCHP
041 ## - DİL KODU
Metin / Ses Parça Veya Ayrı Başlığın Dil Kodu Türkçe
082 ## - DEWEY ONLU SINIFLANDIRMA NUMARASI
Sınıflandırma Numarası 320
Ürün Numarası T96 2023
090 ## - SINIFLAMA NUMARASI
Sınıflama Numarası 320 T96 2023
245 10 - BAŞLIK TABLOSU
Başlık Türk diasporasının siyasal katılım gündemi :
Başlığın Kalan 2023 Seçimleri ve diaspora /
Sorumluluk Tablosu, Vb ditör Mehmet Köse.
260 ## - YAYIN, DAĞITIM, VB
Yayın, Dağıtım, Vb Yeri Ankara :
Yayıncı, Dağıtıcı, Vs Adı GAV Perspektif Yayınları,
Yayın, Dağıtım, Vb Tarihi 2023.
300 ## - FİZİKSEL TANIM
Kapsam 188 sayfa :
Diğer Fiziksel Ayrıntıları tablo;
Boyutlar 21 cm.
650 #0 - KONU KATMA GİRİŞ - TOPİKAL DÖNEM
9 (RLIN) 771
Topikal Süreli Veya Coğrafi Ad Giriş Elemanı Seçimler
Genel Alt Bölümü Türkiye
650 #0 - KONU KATMA GİRİŞ - TOPİKAL DÖNEM
9 (RLIN) 7531
Topikal Süreli Veya Coğrafi Ad Giriş Elemanı Türk diasporası
856 ## - ELEKTRONİK YER VE ERİŞİM
Kamu Notu Dijital Nüshası için Partimizin Kütüphane Sorumlusu ile iletişime geçiniz.
942 ## - EKLENDİ GİRİŞ ELEMANLARI (KOHA)
Sınıflandırma Veya Raf Düzeni Kaynak Dewey Decimal Classification
Koha Öğesi Türü Books
Holdings
Kalıcı Konum Mevcut Konum Edinme Tarihi Toplam Check-Out'Lar Tam Çağrı Numarası Barkod Tarih Son Görülme İtibaren Geçerli Fiyatlar Koha Öğesi Türü
CHP Kütüphanesi CHP Kütüphanesi 02/14/2024   320 T96 2023 20965 02/14/2024 02/14/2024 Books